Countries BY Best Football/Soccer Player - Statistics

General Stats
  • This quiz has been taken 40 times
  • The average score is 13 of 15
Answer Stats
Hint Answer % Correct
Lionel Messi Argentina
100%
Cafu/Pele/Neymar Brazil
100%
Wayne Rooney England
100%
Christiano Ronaldo Portugal
100%
Robert Lewandowski Poland
97%
Zinedine Zidane France
95%
Manuel Neuer Germany
92%
Zlatan Ibrahimovic Sweden
92%
Johan Cruyff Netherlands
90%
Sadio Mane Senegal
85%
Roy Keane Ireland
82%
Kenny Dalgish Scotland
82%
David Alaba Austria
74%
Tim Cahill Australia
72%
Winston Reid New Zealand
49%
No matching quizzes found
Score Distribution
Percent of People with Each Score
Percentile by Number Answered
Your Score History
You have not taken this quiz